Manual on the production and use of live food for aquaculture (Record no. 9982)

000 -LEADER
fixed length control field 00264nam a22001217a 4500
040 ## - CATALOGING SOURCE
Transcribing agency SK
082 ## - DEWEY DECIMAL CLASSIFICATION NUMBER
Classification number 630
100 ## - MAIN ENTRY--AUTHOR NAME
Personal name FAO
245 ## - TITLE STATEMENT
Title Manual on the production and use of live food for aquaculture
260 ## - PUBLICATION, DISTRIBUTION, ETC. (IMPRINT)
Place of publication ROME
Name of publisher FAO
Year of publication 1996
300 ## - PHYSICAL DESCRIPTION
Number of Pages 295p.
942 ## - ADDED ENTRY ELEMENTS (KOHA)
Koha item type សៀវភៅភាសាអង់គ្លេស
952 ## - LOCATION AND ITEM INFORMATION (KOHA)
Withdrawn status [LOCAL, KOHA] 0
Holdings
Permanent Location Date acquired Koha item type Lost status Shelving location Barcode Current Location Full call number
Library Block C2016-09-16សៀវភៅភាសាអង់គ្លេស C249RUA047733Library Block C630 FAO 1996 C249
មជ្ឈមណ្ឌលឯការនៃសាកលវិទ្យាល័យភូមិន្ទកសិកម្មចំការដូង

Powered by Koha